000
00328nam a22001337a 4500
008
180308b xxu||||| |||| 00| 0 eng d
020
_a
9780844241029
041
_a
eng
080
_a
574
100
_a
9
101
_a
MJE
245
_a
Careers for environmental types& others who respect the earth
_c
Kinney,J
942
_2
udc
_c
BK
999
_c
44397
_d
44397